00394 2200157 4500001002100000008004100021035002000062245003100082100001700113260002800130300002200158020002200180084001400202082000800216990001200224INLIS000000000002767 IND  a0010-0925000114 aCinta GanggacShaheer Khan aShaheer Khan aJakartabEutheniac2016 a154c(13 x 19 cm) a978-602-398-013-0 a813 SHA c a813 a0754989